| 000 | 00883nam a2200229 i 4500 | ||
|---|---|---|---|
| 001 | 163444 | ||
| 003 | ES-MaACL | ||
| 005 | 20250815062647.0 | ||
| 008 | 050712m18871910sp | |||||||| ||spa d | ||
| 040 |
_aCAM _bspa _cCAM |
||
| 100 | 1 |
_aRibbing, Seved. _9131769 |
|
| 245 | 1 | 3 |
_aLa higiene sexual y sus consecuencias morales / _cpor Seved Ribbing; traducción por Demetrio Zorrilla. |
| 260 |
_aMadrid : _bLa España Moderna, _c[s.a.] ( _eImp. de Gabriel L. y del Horno) |
||
| 300 |
_a194 p. ; _c23 cm. |
||
| 490 | 1 | _aBiblioteca de jurisprudencia, filosofía é historia | |
| 596 | _aProbablemente impreso a finales del siglo XIX o comienzos del XX. | ||
| 700 | 1 |
_aZorrilla, Demetrio, _etrad. _9134052 |
|
| 752 |
_aEspaña - _dMadrid |
||
| 830 | 0 | 0 |
_aBiblioteca de jurisprudencia, filosofía e historia _9180691 |
| 852 |
_aES-MaACL _jF-14872 _z-- Rust. |
||
| 999 |
_c163444 _d163444 |
||